000 01795cam a22004814i 4500
003 PE-LiUPU
005 20250731173335.0
008 150706s1998 sp r 000 0 spa d
020 _a848169220.4
035 _a(Sirsi) i848169220
040 _aPE-LiUPU
_bspa
_cPE-LiUPU
_erda
049 _aPRUA
082 0 4 _a220.44415
_bF23
_221
100 1 _aFarfán Navarro, Enrique,
_eautor.
245 1 0 _aGramática elemental del hebreo bíblico /
_cEnrique Farfán Navarro.
250 _a2a edición.
264 1 _aEstella (Navarra) :
_bVerbo Divino,
_c1998.
300 _a86 páginas ;
_c24 centímetros.
336 _atext
_2rdacontent
337 _aunmediated
_2rdamedia
338 _avolume
_2rdacarrier
490 0 _aInstrumentos para el estudio de la Biblia ;
_v1
505 0 _aEscritura y fonética -- Signos gráficos -- Fenómenos fonéticos -- Partes de la oración -- Prefijos y pronombres -- El nombre -- El verbo -- El verbo fuerte -- Verbos débiles -- Paradigmas, crestomatía, vocabularios.
526 _aSEG42
526 _aSEG41
526 _aSEG40
526 _aSEG39
526 _aP94
526 _aP87
526 _aP86
526 _aP85
526 _aP77
526 _aP76
526 _aP35
650 0 4 _aHebreo bíblico
_xGramática.
910 _agl
_bjv
_clch
_d20090625
942 _2ddc
_cBOOK
949 _a220.44415 F23
_wDEWEY
_c1
_i59764
_lCCODEBUL1
_mBUL
_p13.00
_r0
_sY
_tBOOK
_u2015-7-6
_xTEOLOGIA
_zUNKNOWN
_o.STAFF. Colección General
994 _aC0
_bPEPRU
596 _a1
999 _a220.44415 F23
_wDEWEY
_c49298
_i59764
_d49298
_e2019-10-7
_f2021-11-9
_g5
_lCCODEBUL1
_mBUL
_n8
_p13.00
_q10
_r0
_sY
_tBOOK
_u2015-7-6
_xTEOLOGIA
_PP35
_0COMPRA
_o.STAFF. Colección Teología
980 _81
_gALBERTO SANCHEZ Responsable de Automatización